00241 a2200121 4500001000700000020000600007040001100013100002700024240002800051245002300079300000800102362000900110182157 a  cMagnum aRibeiro, João Ubaldo10aSargento Getúliolpor10aSargento Getúlio a1590 a2003